<?xml version="1.0" encoding="UTF-8"?>
<record
    xmlns:xsi="http://www.w3.org/2001/XMLSchema-instance"
    xsi:schemaLocation="http://www.loc.gov/MARC21/slim http://www.loc.gov/standards/marcxml/schema/MARC21slim.xsd"
    xmlns="http://www.loc.gov/MARC21/slim">

  <leader>01631nam a22002417a 4500</leader>
  <controlfield tag="005">20100508123557.0</controlfield>
  <controlfield tag="008">100508t        xxu||||| |||| 00| 0 hin d</controlfield>
  <datafield tag="020" ind1=" " ind2=" ">
    <subfield code="a">9788183481472</subfield>
    <subfield code="c">250.00</subfield>
  </datafield>
  <datafield tag="035" ind1=" " ind2=" ">
    <subfield code="a">B-406483</subfield>
  </datafield>
  <datafield tag="037" ind1=" " ind2=" ">
    <subfield code="b">DBAD/VEN/&#x938;&#x941;&#x930;&#x947;&#x928;&#x94D;&#x926;&#x94D;&#x930; &#x915;&#x941;&#x92E;&#x93E;&#x930; &#x90F;&#x902;&#x921; &#x938;&#x902;&#x938;</subfield>
  </datafield>
  <datafield tag="040" ind1=" " ind2=" ">
    <subfield code="a">DPL</subfield>
    <subfield code="b">HN</subfield>
  </datafield>
  <datafield tag="082" ind1=" " ind2=" ">
    <subfield code="a">000</subfield>
  </datafield>
  <datafield tag="245" ind1=" " ind2=" ">
    <subfield code="a">10 &#x938;&#x949;&#x932;&#x94D;&#x935;&#x921; &#x92A;&#x947;&#x92A;&#x930;&#x94D;&#x938; (2004-2009) &#x938;&#x940; &#x921;&#x940; &#x90F;&#x938; &#x92A;&#x930;&#x940;&#x915;&#x94D;&#x937;&#x93E;&#x903;</subfield>
    <subfield code="b">&#x938;&#x92E;&#x94D;&#x92E;&#x93F;&#x932;&#x93F;&#x924; &#x930;&#x915;&#x94D;&#x937;&#x93E; &#x938;&#x947;&#x935;&#x93E; /(&#x938;&#x902;&#x918; &#x932;&#x94B;&#x915; &#x938;&#x947;&#x935;&#x93E; &#x906;&#x92F;&#x94B;&#x917; &#x926;&#x94D;&#x935;&#x93E;&#x930;&#x93E; &#x906;&#x92F;&#x94B;&#x91C;&#x93F;&#x924;) /</subfield>
  </datafield>
  <datafield tag="260" ind1=" " ind2=" ">
    <subfield code="a">&#x92E;&#x947;&#x930;&#x920;</subfield>
    <subfield code="b">&#x905;&#x930;&#x93F;&#x939;&#x928;&#x94D;&#x924; &#x92A;&#x92C;&#x94D;&#x932;&#x93F;&#x915;&#x947;&#x936;&#x928;&#x94D;&#x938;</subfield>
    <subfield code="c">2009</subfield>
  </datafield>
  <datafield tag="270" ind1=" " ind2=" ">
    <subfield code="a">&#x915;&#x93E;&#x932;&#x93F;&#x928;&#x94D;&#x926;&#x940;, &#x91F;&#x94D;&#x930;&#x93E;&#x902;&#x938;&#x92A;&#x94B;&#x930;&#x94D;&#x91F;,&#x928;&#x917;&#x930;</subfield>
    <subfield code="b">&#x92E;&#x947;&#x930;&#x920;</subfield>
    <subfield code="k">0121-2401479</subfield>
    <subfield code="l">0121- 2401648</subfield>
    <subfield code="m">info@arihantbooks.com</subfield>
  </datafield>
  <datafield tag="300" ind1=" " ind2=" ">
    <subfield code="a">&#x935;&#x93F;.&#x92A;&#x943;</subfield>
    <subfield code="c">24&#x938;&#x947;&#x92E;&#x940; (&#x905;&#x91C;&#x93F;&#x932;&#x94D;&#x926;)</subfield>
  </datafield>
  <datafield tag="490" ind1=" " ind2=" ">
    <subfield code="a">CDSE Study Skills</subfield>
  </datafield>
  <datafield tag="500" ind1=" " ind2=" ">
    <subfield code="a">&#x921;&#x940;.&#x935;&#x940;.&#x90F;.&#x921;&#x940; &#x92E;&#x947;&#x902; &#x92A;&#x94D;&#x930;&#x93E;&#x92A;&#x94D;&#x924; &#x92A;&#x941;&#x938;&#x94D;&#x924;&#x915;&#x947;&#x902; &#x935;&#x940;.&#x92A;&#x940;.&#x92A;&#x940;.&#x921;&#x940;.&#x92E;&#x947;&#x902; &#x909;&#x92A;&#x939;&#x930;&#x93E; &#x938;&#x94D;&#x935;&#x930;&#x942;&#x92A; &#x926;&#x940; &#x917;&#x908;</subfield>
  </datafield>
  <datafield tag="500" ind1=" " ind2=" ">
    <subfield code="a"> </subfield>
  </datafield>
  <datafield tag="942" ind1=" " ind2=" ">
    <subfield code="2">ddc</subfield>
    <subfield code="c">HN</subfield>
    <subfield code="m">&#x926;&#x938;&#x938;&#x949;</subfield>
    <subfield code="h">000</subfield>
  </datafield>
  <datafield tag="999" ind1=" " ind2=" ">
    <subfield code="c">35942</subfield>
    <subfield code="d">35942</subfield>
  </datafield>
  <datafield tag="952" ind1=" " ind2=" ">
    <subfield code="0">0</subfield>
    <subfield code="1">5</subfield>
    <subfield code="2">ddc</subfield>
    <subfield code="4">0</subfield>
    <subfield code="7">0</subfield>
    <subfield code="a">JP</subfield>
    <subfield code="b">JP</subfield>
    <subfield code="d">2010-05-11</subfield>
    <subfield code="e">DBAD/VEN/&#x938;&#x941;&#x930;&#x947;&#x928;&#x94D;&#x926;&#x94D;&#x930; &#x915;&#x941;&#x92E;&#x93E;&#x930; &#x90F;&#x902;&#x921; &#x938;&#x902;&#x938;</subfield>
    <subfield code="g">250.00</subfield>
    <subfield code="l">26</subfield>
    <subfield code="m">6</subfield>
    <subfield code="o">000 &#x926;&#x938;&#x938;&#x949;</subfield>
    <subfield code="p">B-406483</subfield>
    <subfield code="r">2018-06-28 00:00:00</subfield>
    <subfield code="s">2014-09-30</subfield>
    <subfield code="t">1</subfield>
    <subfield code="v">250.00</subfield>
    <subfield code="y">HN</subfield>
  </datafield>
</record>
